000
00273 a2200097 4500
001
33370
100
_a
Dr Abdul Ghani
245
_a
The English Translations of Iqbal's Poetry:A critical and evaluative study
260
_a
Lahore
_b
Bazm-i-Iqbal
_c
2004
090
_c
22239
_d
22239
942
_a
NUST-CAE
_c
M
_c
13602
999
_c
268443
_d
268443